[Event "BSF Lang Weekend EMT "]
[Site "Copenhagen"]
[Date "2016.02.15"]
[Round "7"]
[White "Jorgensen, Olav Erstad"]
[Black "Mouritsen, Jan"]
[Result "0-1"]
[WhiteElo "1423"]
[BlackElo "1802"]
[PlyCount "106"]
[EventDate "2016.02.12"]
[EventType "swiss"]
[EventRounds "7"]
[EventCountry "DEN"]

1. e4 c5 2. c3 Nf6 3. e5 Nd5 4. d4 cxd4 5. cxd4 e6 6. Bc4 Nc6 7. Nf3 d6 8. O-O
Be7 9. Nc3 Nxc3 10. bxc3 Qc7 11. Re1 dxe5 12. dxe5 b6 13. Bf4 Bb7 14. Qc2 Rc8
15. Rac1 O-O 16. Bd3 g6 17. Bh6 Rfd8 18. h4 Qd7 19. Be4 Nb4 20. Qb1 Bxe4 21.
Rxe4 Na6 22. Bg5 Bxg5 23. hxg5 Nc5 24. Rd4 Qe7 25. Rcd1 Nb7 26. Qb4 Qc7 27.
Rxd8+ Rxd8 28. Rxd8+ Qxd8 29. Qd4 Qxd4 30. Nxd4 Nc5 31. Kf1 Ne4 32. Nb5 a6 33.
Nc7 a5 34. Nb5 Nxg5 35. f3 f6 36. exf6 Kf7 37. Nc7 Kxf6 38. Na8 b5 39. Nc7 Ke5
40. Nxb5 Kd5 41. Na3 Nf7 42. Ke2 Ne5 43. Ke3 Nc4+ 44. Nxc4 Kxc4 45. Kd2 e5 46.
g4 h5 47. gxh5 gxh5 48. Ke3 h4 49. Ke4 h3 50. Kxe5 h2 51. f4 h1=Q 52. f5 Qd5+
53. Kf4 Kxc3 0-1

[Event "BSF Lang Weekend EMT "]
[Site "Copenhagen"]
[Date "2016.02.15"]
[Round "7"]
[White "Henriksen, Christian Steen"]
[Black "Pedersen, Bo V"]
[Result "1-0"]
[WhiteElo "1840"]
[BlackElo "1549"]
[PlyCount "105"]
[EventDate "2016.02.12"]
[EventType "swiss"]
[EventRounds "7"]
[EventCountry "DEN"]

1. d4 Nf6 2. c4 g6 3. Nc3 Bg7 4. e4 d6 5. f3 O-O 6. Be3 Nbd7 7. Qd2 c5 8. d5 a6
9. Nge2 Rb8 10. Ng3 b6 11. h4 h5 12. Bh6 Ne5 13. Bxg7 Kxg7 14. Be2 Bd7 15. a4
Qe8 16. Nf1 e6 17. dxe6 Bxe6 18. Ne3 Qd7 19. f4 Neg4 20. f5 Nxe3 21. Qxe3 Bxf5
22. exf5 Qxf5 23. O-O-O Rfe8 24. Qg3 Ne4 25. Nxe4 Rxe4 26. Bd3 Qf4+ 27. Qxf4
Rxf4 28. b3 Rd8 29. Be2 Re4 30. Bf3 Re5 31. Rhe1 f6 32. Bb7 a5 33. Rxe5 fxe5
34. Rf1 Rf8 35. Rxf8 Kxf8 36. Kd2 Kf7 37. Ke3 Kf6 38. Be4 g5 39. hxg5+ Kxg5 40.
Bf3 h4 41. Ke4 Kf6 42. Kd5 Kf5 43. Be4+ Kf4 44. Bf3 Kf5 45. Kxd6 e4 46. Bh5 Kf4
47. Kd5 e3 48. Bd1 Kg3 49. Ke4 Kf2 50. Kd3 Kxg2 51. Kxe3 h3 52. Bf3+ Kg1 53.
Ke4 1-0

[Event "BSF Lang Weekend EMT "]
[Site "Copenhagen"]
[Date "2016.02.15"]
[Round "7"]
[White "Hvidberg, Rasmus"]
[Black "van den Brink, Nienke"]
[Result "1-0"]
[WhiteElo "1551"]
[BlackElo "1688"]
[PlyCount "65"]
[EventDate "2016.02.12"]
[EventType "swiss"]
[EventRounds "7"]
[EventCountry "DEN"]

1. e4 e6 2. d4 d5 3. Nc3 Nf6 4. e5 Nfd7 5. f4 c5 6. Nf3 Nc6 7. Be3 Be7 8. Bb5
a6 9. Bxc6 bxc6 10. O-O cxd4 11. Nxd4 c5 12. Nc6 Qc7 13. Nxe7 d4 14. Nxc8 Rxc8
15. Bxd4 cxd4 16. Qxd4 O-O 17. Rad1 Rfd8 18. Qe3 Rb8 19. b3 Rbc8 20. Rd3 Nc5
21. Rxd8+ Rxd8 22. h3 a5 23. Nb5 Qc6 24. Nd6 a4 25. Qc3 Qb6 26. Kh1 h5 27. Qe3
Qa6 28. Rd1 Nb7 29. Rd4 Nxd6 30. exd6 axb3 31. Qxb3 Qa7 32. Qc4 Qb6 33. Qc7 1-0